Current trends in SNePS-sematic network processing : Konf. 1st annual ANePS workshop, Buffalo, USA, 13. Nov. 1989 /

Gespeichert in:
Bibliographische Detailangaben
Weitere Verfasser: Kumar, D (Zusammenstellung)
Format: Buch
Sprache:Englisch
Veröffentlicht: Berlin : Springer Verlag, 1990
Schriftenreihe:Lecture notes in artificial intelligence 437
Tags: Tag hinzufügen
Keine Tags, Fügen Sie das erste Tag hinzu!

MARC

LEADER 00000nam a22000003a 4500
001 stu398
005 20150617225704.6
008 921007s1990----gw------------------eng-d
040 |a STU  |b slo 
041 0 |a eng 
044 |a gw 
080 |a 681.324.06 
080 |a 519.685  |7 stu_us_auth*stu8263 
080 |a 519.71  |7 stu_us_auth*stu8254 
080 |a 061.3(08) 
100 1 |a Kumar, D  |4 com 
245 1 |a Current trends in SNePS-sematic network processing :  |b Konf. 1st annual ANePS workshop, Buffalo, USA, 13. Nov. 1989 /  |c Edit.: Kumar,D 
260 |a Berlin :  |b Springer Verlag,  |c 1990 
300 |a 162 s 
830 0 |a Lecture notes in artificial intelligence  |v 437 
996 |c I*Z4277  |l I  |s A  |a 24  |w stu398_0001